[Event "Las Palmas Montalvo Memorial 4th"]
[Site "Las Palmas"]
[Date "2011.04.22"]
[Round "6"]
[White "Acosta Sosa, Juan Manuel"]
[Black "Capote Robayna, Nathaniel"]
[Result "1-0"]
[WhiteElo "2066"]
[BlackElo "1962"]
[PlyCount "75"]
[EventDate "2011.04.18"]
[EventType "swiss"]
[EventRounds "9"]
[EventCountry "ESP"]
[SourceTitle "CBM 141 Extra"]
[Source "ChessBase"]
[SourceDate "2011.05.03"]
[SourceVersion "1"]
[SourceVersionDate "2011.05.03"]
[SourceQuality "1"]

1. c4 Nf6 2. Nc3 g6 3. g3 Bg7 4. Bg2 0-0 5. Nf3 d6 6. 0-0 e5 7. d3 c6 8. Rb1 Nbd7 9. b4 Re8 10. Nd2 Nf8 11. b5 c5 12. a4 Rb8 13. Nb3 Ne6 14. e3 Ng5 15. h4 Nh3+ 16. Kh1 g5 17. hxg5 Nxg5 18. f4 exf4 19. gxf4 Ng4 20. f5 h5 21. Nd5 Ne4 22. Qe1 Nc3 23. Nxc3 Bxc3 24. Qg3 Bf6 25. e4 Bh4 26. Qf4 Bf2 27. Bh3 Qh4 28. Qg5+ Kh7 29. Qxh4 Bxh4 30. Bxg4 hxg4 31. Bf4 Bxf5 32. Rb2 g3 33. exf5 Kg7 34. Kg2 Rh8 35. Bxg3 Bxg3 36. Kxg3 Kf6 37. Rbf2 Ke5 38. Kf3 1-0

[Event "Las Palmas Montalvo Memorial 4th"]
[Site "Las Palmas"]
[Date "2011.04.19"]
[Round "2"]
[White "Meneses Gonzalez, Kevin Moises"]
[Black "Capote Robayna, Nathaniel"]
[Result "1-0"]
[WhiteElo "2150"]
[BlackElo "1962"]
[PlyCount "29"]
[EventDate "2011.04.18"]
[EventType "swiss"]
[EventRounds "9"]
[EventCountry "ESP"]
[SourceTitle "CBM 141 Extra"]
[Source "ChessBase"]
[SourceDate "2011.05.03"]
[SourceVersion "1"]
[SourceVersionDate "2011.05.03"]
[SourceQuality "1"]

1. e4 e6 2. d4 d5 3. Nc3 Nf6 4. Bg5 Bb4 5. e5 h6 6. Bc1 Bxc3+ 7. bxc3 Ne4 8. Qg4 g6 9. Ne2 h5 10. Qf4 f6 11. f3 fxe5 12. Qxe5 Nf6 13. Nf4 Kf7 14. Bd3 Rg8 15. Qg5 1-0

[Event "ESP-chT U16"]
[Site "Benidorm"]
[Date "2010.12.06"]
[Round "3"]
[White "Sirkova, Darena"]
[Black "Capote Robayna, Nathaniel"]
[Result "1-0"]
[WhiteElo "2096"]
[BlackElo "1981"]
[PlyCount "99"]
[EventDate "2010.12.04"]
[EventType "team"]
[EventRounds "6"]
[EventCountry "ESP"]
[SourceTitle "EXT 2014"]
[Source "ChessBase"]
[SourceDate "2013.11.20"]
[SourceVersion "1"]
[SourceVersionDate "2013.11.20"]
[SourceQuality "1"]

1. e4 e6 2. d3 d5 3. Nd2 Nf6 4. Ngf3 b6 5. Qe2 Bb7 6. exd5 Nxd5 7. g3 Nc6 8. Bg2 Be7 9. 0-0 0-0 10. Ne4 h6 11. h3 e5 12. Nc3 Nxc3 13. bxc3 Bd6 14. Nh4 Qc8 15. g4 Ne7 16. Bxb7 Qxb7 17. g5 hxg5 18. Bxg5 Qc8 19. Qf3 f6 20. Bd2 g5 21. Ng2 Qf5 22. Qg4 Qxg4 23. hxg4 c5 24. Ne3 Kf7 25. Kg2 Rh8 26. Rh1 Ke6 27. a4 a6 28. Rae1 Rxh1 29. Kxh1 Kd7 30. Rb1 Rb8 31. c4 Kc6 32. Kg2 Bc7 33. Rh1 Kd6 34. Rh6 Rf8 35. Nf1 Bd8 36. Bxg5 Ng8 37. Rg6 Ke6 38. Bh6 Re8 39. Ng3 Ne7 40. Rg7 Rh8 41. Be3 Rh4 42. Nh5 f5 43. f3 Rxh5 44. gxh5 Kf6 45. Rh7 f4 46. Rh8 Bc7 47. Bf2 Kg7 48. Ra8 a5 49. Ra7 Bd8 50. Rd7 1-0